00829cam a22002531 4500001001300000003000400013005001700017008004100034010001700075035002000092040004300112042001200155050003100167100001900198245003700217260005000254300003000304490004300334500005800377504003100435651004100466651005100507999001700558sd 50000052 DLC20260227112735.0950110s1949 nyu b 000 0 eng c asd 50000052  a(OCoLC)31791348 aU.S. Dept. of State. LibrarycIENdDLC apremarc00aD410b.F65 vol. 25, no. 141 aHolmes, Olive.10aArmy challenge in Latin America. aNew York,bForeign Policy Association,c1949. a[166]-175, [1] p.c27 cm.0 aForeign policy reports,vv. 25, no. 14 a"Latin American dictatorships and the U.S.": p. [176] aBibliographical footnotes. 0aPeruxPolitics and governmenty1829- 0aVenezuelaxPolitics and governmenty1935-1958. c90016d90016